<?xml version="1.0" encoding="UTF-8"?>
<resp>
  <nextPage>https://data.bn.org.pl/api/networks/bibs.marcxml?marc=001+b0000005579577&amp;sinceId=5579578</nextPage>
  <collection>
    <record xmlns='http://www.loc.gov/MARC21/slim'><leader>02757nam a2200697 i 4500</leader><controlfield tag='001'>b0000005579577</controlfield><controlfield tag='005'>20260527075507.5</controlfield><controlfield tag='008'>170529s1781    pl           |000 0 pol  </controlfield><controlfield tag='009'>9910406480905606</controlfield><datafield ind1=' ' ind2=' ' tag='026'><subfield code='a'>p.s. 4.lo</subfield><subfield code='b'>9.r- ch(e (3)</subfield><subfield code='c'>1781</subfield><subfield code='d'>1</subfield><subfield code='5'>WA N</subfield></datafield><datafield ind1=' ' ind2=' ' tag='035'><subfield code='a'>991009726769705066</subfield></datafield><datafield ind1=' ' ind2=' ' tag='035'><subfield code='a'>(PL-WaBN)b55795778-48omnis_nlop</subfield></datafield><datafield ind1=' ' ind2=' ' tag='035'><subfield code='a'>b55795778</subfield></datafield><datafield ind1=' ' ind2=' ' tag='035'><subfield code='a'>(OCoLC)1042391450</subfield></datafield><datafield ind1=' ' ind2=' ' tag='035'><subfield code='a'>(PL)b0000005579577</subfield></datafield><datafield ind1=' ' ind2=' ' tag='040'><subfield code='a'>WA N</subfield><subfield code='c'>WA N</subfield><subfield code='d'>WA N</subfield><subfield code='d'>WA U</subfield></datafield><datafield ind1='1' ind2=' ' tag='041'><subfield code='a'>pol</subfield><subfield code='a'>lat</subfield></datafield><datafield ind1='0' ind2=' ' tag='045'><subfield code='b'>d1782</subfield></datafield><datafield ind1=' ' ind2=' ' tag='046'><subfield code='k'>1781</subfield></datafield><datafield ind1='1' ind2=' ' tag='100'><subfield code='a'>Żołądkiewicz, Berard</subfield><subfield code='d'>(17..-1798)</subfield><subfield code='e'>Autor</subfield></datafield><datafield ind1='1' ind2='0' tag='245'><subfield code='a'>Kazania o sakramencie małzenstwa :</subfield><subfield code='b'>w ktorych są zebrane pobożne chrześciańskie nauki, służące osobliwie dla tych, co dopiero zamyślaią o stanie małżeńskim /</subfield><subfield code='c'>przez xiędza Berarda Zołądkiewicza zakonu s. o. Franciszka, wielko-polskiey prowincyi reformata, kaznodzieie ordynaryusza w Kaliszu.</subfield><subfield code='n'>T. 1.</subfield></datafield><datafield ind1='3' ind2=' ' tag='246'><subfield code='a'>Kazania o sakramencie małżeństwa</subfield></datafield><datafield ind1=' ' ind2=' ' tag='260'><subfield code='a'>W Kaliszu :</subfield><subfield code='b'>w Drukarni J. K. M. i Rzeczy-Pltey,</subfield><subfield code='c'>1781.</subfield></datafield><datafield ind1=' ' ind2=' ' tag='300'><subfield code='a'>[3] karty, 317 stron ;</subfield><subfield code='c'>8°.</subfield></datafield><datafield ind1=' ' ind2=' ' tag='336'><subfield code='a'>Tekst</subfield><subfield code='b'>txt</subfield><subfield code='2'>rdacontent</subfield></datafield><datafield ind1=' ' ind2=' ' tag='337'><subfield code='a'>Bez urządzenia pośredniczącego</subfield><subfield code='b'>n</subfield><subfield code='2'>rdamedia</subfield></datafield><datafield ind1=' ' ind2=' ' tag='338'><subfield code='a'>Wolumin</subfield><subfield code='b'>nc</subfield><subfield code='2'>rdacarrier</subfield></datafield><datafield ind1=' ' ind2=' ' tag='380'><subfield code='a'>Książki</subfield></datafield><datafield ind1=' ' ind2=' ' tag='380'><subfield code='a'>Publikacje religijne</subfield></datafield><datafield ind1=' ' ind2=' ' tag='380'><subfield code='a'>Starodruki</subfield></datafield><datafield ind1='1' ind2=' ' tag='388'><subfield code='a'>1701-1800</subfield></datafield><datafield ind1='4' ind2=' ' tag='510'><subfield code='a'>Estr. XV-XVIII,</subfield><subfield code='c'>XXXVI, 98.</subfield></datafield><datafield ind1=' ' ind2=' ' tag='546'><subfield code='a'>Aprobaty i fragmenty w języku łacińskim.</subfield></datafield><datafield ind1=' ' ind2='7' tag='648'><subfield code='a'>1701-1800</subfield></datafield><datafield ind1=' ' ind2='7' tag='650'><subfield code='a'>Teologia katolicka</subfield><subfield code='2'>DBN</subfield></datafield><datafield ind1=' ' ind2='7' tag='650'><subfield code='a'>Małżeństwo</subfield><subfield code='2'>DBN</subfield></datafield><datafield ind1=' ' ind2='7' tag='650'><subfield code='a'>Sakramentologia</subfield><subfield code='2'>DBN</subfield></datafield><datafield ind1=' ' ind2='7' tag='655'><subfield code='a'>Kazania</subfield><subfield code='2'>DBN</subfield></datafield><datafield ind1=' ' ind2=' ' tag='658'><subfield code='a'>Religia i duchowość</subfield></datafield><datafield ind1='2' ind2=' ' tag='710'><subfield code='a'>Drukarnia J.K.M. i Rzeczypospolitej (Kalisz)</subfield><subfield code='e'>Druk</subfield></datafield><datafield ind1=' ' ind2=' ' tag='752'><subfield code='a'>Polska</subfield><subfield code='d'>Kalisz.</subfield></datafield><datafield ind1=' ' ind2=' ' tag='852'><subfield code='b'>48OMNIS_UOW</subfield><subfield code='8'>991053382844008831</subfield></datafield><datafield ind1=' ' ind2=' ' tag='852'><subfield code='b'>48OMNIS_NLOP</subfield><subfield code='8'>991009726769705066</subfield></datafield><datafield ind1=' ' ind2=' ' tag='852'><subfield code='b'>48OMNIS_NETWORK</subfield><subfield code='8'>9910406480905606</subfield></datafield><datafield ind1=' ' ind2=' ' tag='852'><subfield code='8'>221153284820008831</subfield><subfield code='j'>1</subfield><subfield code='b'>5100-BUW</subfield><subfield code='p'>SD.1800024169</subfield><subfield code='c'>10014</subfield></datafield><datafield ind1=' ' ind2=' ' tag='852'><subfield code='8'>22437172180005066</subfield><subfield code='j'>1</subfield><subfield code='h'>SD W.1.1330 I</subfield><subfield code='b'>BN_PL</subfield><subfield code='p'>777i53997736</subfield><subfield code='c'>bstdr</subfield></datafield><datafield ind1=' ' ind2=' ' tag='852'><subfield code='8'>22543829980005066</subfield><subfield code='j'>1</subfield><subfield code='h'>SD XVIII.1.6190</subfield><subfield code='b'>BN_PL</subfield><subfield code='p'>777i54507856</subfield><subfield code='c'>bstdr</subfield></datafield><datafield ind1=' ' ind2=' ' tag='950'><subfield code='u'>https://eu05.alma.exlibrisgroup.com/view/uresolver/48OMNIS_NETWORK/openurl?u.ignore_date_coverage=true&amp;portfolio_pid=53714608010005066&amp;Force_direct=true</subfield><subfield code='z'>Zobacz w Polonie: egzemplarz SD W.1.1330 I</subfield><subfield code='8'>53714608010005066</subfield></datafield></record>
  </collection>
</resp>
